Internal factors in evolution (Record no. 1352644)

MARC details
000 -LEADER
fixed length control field 00523nam a2200181Ia 4500
005 - DATE AND TIME OF LATEST TRANSACTION
control field 20250508154905.0
008 - FIXED-LENGTH DATA ELEMENTS--GENERAL INFORMATION
fixed length control field 008 250505s9999 xx 000 0 eng d
037 ## - SOURCE OF ACQUISITION
Stock number Textual
040 ## - CATALOGING SOURCE
Original cataloging agency FEDL
Language of cataloging eng
Transcribing agency FEDL
041 ## - LANGUAGE CODE
Language code of text/sound track or separate title eng
Source of code eng
084 ## - COLON CLASSIFICATION NUMBER
Classification number 575, WHY
Assigning agency FEDL
100 ## - MAIN ENTRY--PERSONAL NAME
Personal name Whyte Lancelot Law
9 (RLIN) 444505
245 #0 - TITLE STATEMENT
Title Internal factors in evolution
260 ## - PUBLICATION, DISTRIBUTION, ETC.
Place of publication, distribution, etc. London, UK
Name of publisher, distributor, etc. Member of Associated Book Publishers Limited
Date of publication, distribution, etc. 1965
300 ## - PHYSICAL DESCRIPTION
Extent xxii,81p
942 ## - ADDED ENTRY ELEMENTS (KOHA)
Koha item type Textual
Classification part 575, WHY
Holdings
Withdrawn status Lost status Damaged status Not for loan Home library Current library Date acquired Total Checkouts Full call number Barcode Date last seen Price effective from Koha item type
        Department of Education Library Department of Education Library 2025-05-08   575, WHY EL0036972 2025-05-08 2025-05-08 Textual
Copyright @ Delhi University Library System